| 000 | 00539nam a2200169 i 4500 | ||
|---|---|---|---|
| 001 | 32500 | ||
| 003 | ES-MaACL | ||
| 005 | 20230906154601.0 | ||
| 007 | t| | ||
| 008 | 030131s1948 sp f |||| | spa d | ||
| 100 | 1 |
_aBerriatua, Cristina. _928374 |
|
| 245 | 1 | 0 |
_aMolino de papel / _cCristiana Berriatua ; litografías y ornamentación de Francisco Mateos. |
| 260 |
_aMadrid : _b[s.n., _c1948] ( _fGráf. Tejario) |
||
| 300 |
_a109 p., 16 lám. ; _c21 cm. |
||
| 700 | 1 |
_aMateos, Francisco ( _d1894-1976) _978975 |
|
| 852 |
_aES-MaACL _j1888-F-3 |
||
| 999 |
_c32500 _d32500 |
||